Vstup do teórie absolútneho equilibria

Historický úvod do problematiky trhovej rovnováhy. Nedokonalosti trhu a trhová rovnováha. Teória hier ako stratégia pre nájdenie absolútnej trhovej rovnováhy. Modelový príklad na nájdenie absolútnej trhovej rovnováhy.

Salvato in:
Dettagli Bibliografici
Autore principale: Jemala, Marek
Natura: Capitolo di libro
Lingua:slovacco
Soggetti:
Tags: Aggiungi Tag
Nessun Tag, puoi essere il primo ad aggiungerne!!

MARC

LEADER 00000naa$a2200000$$$4500
001 0092961
005 20240502072033.8
041 0 |a slo 
044 |a SK 
245 1 0 |a Vstup do teórie absolútneho equilibria  |c Marek Jemala 
520 |a Historický úvod do problematiky trhovej rovnováhy. Nedokonalosti trhu a trhová rovnováha. Teória hier ako stratégia pre nájdenie absolútnej trhovej rovnováhy. Modelový príklad na nájdenie absolútnej trhovej rovnováhy. 
610 2 0 |a história 
610 2 0 |a konkurencieschopnosť 
610 2 0 |a teórie ekonomické 
610 2 0 |a teória hier 
610 2 0 |a podnikanie 
610 2 0 |a firmy 
610 2 0 |a rovnováha trhová 
100 1 |a Jemala, Marek